MDQL
is popping MORE tags! Check the
thread
!
Quizzes
Events
Quiz Creation
Community
Videos
Private Events
Remove Ads
Sign In
Join for FREE
Feedback
Dark Mode
Quiz Categories
Sports
Geography
Music
Movies
Television
Just For Fun
Miscellaneous
History
Literature
Language
Science
Gaming
Entertainment
Religion
Holiday
For Kids
Quiz Lab
Recent
Popular Today
Quiz Kudos Today
Editor Picks
Curator Picks
Quizzes by...
Day
Popularity
Type
Ratings
Length
Year
Community
Subscriptions
Recent Discussions
Orange Saloon
Badges
Playlists
Quests
Create
Leaderboards
Showdown
Live 5
Trivia Bingo
Activity
Puzzle Library
Sporcle Events
Private Events
Virtual Trivia
Globe League
Become a Host
Pub Owners
SporcleCon
Opinionation
Our Games
Videos
Blog
Mobile Apps
Partnerships
Remove Ads and Go Orange
Feedback
Entertainment
Celebrity
Famous
Musical
Broadway
Show
Quote
Comic Books
Anime
Superhero
DC Comics
Marvel
Cartoons
Animation
Entertainment
Celebrity
Famous
Musical
Broadway
Show
Quote
Comic Books
Anime
Superhero
DC Comics
Marvel
Cartoons
Animation
Random Quiz
Search Sporcle
×
Quiz Lab
Quiz Lab
Entertainment
Device
Type in answers that appear in a list
Type in answers that appear in a list
Classic
Best Score? Go Orange.
Electronic Devices Stats
Can you name the Electronic Devices?
By
elibl
5m
10 Questions
87 Plays
87 Plays
87 Plays
Comments
Comments
Give Quiz Kudos
Give Quiz Kudos
-
- Ratings
hide this ad
Replay
Link that replays current quiz
Next Quiz
Link to next quiz in quiz playlist
You Got
0%
They Got
Avg Score
71%
Avg Friend Score
Upgrade to see
Score Distribution
Jump to the score distribution portion of the page
Score
0/10
Timer
05:00
0
Plays Today
Hints
% Correct
Com_
_
_
_
_
_
_
Computer
83.9%
I_
_
Ipod
80.5%
I_
_
_
_
_
_
Iphone
80.5%
Playstation 1
PS1
73.6%
Playstation 2
PS2
73.6%
Playstation 3
PS3
73.6%
Playstation Portable
PSP
73.6%
_
_
_
Sports
Wii
67.8%
Tele_
_
_
_
_
_
Television
64.4%
Play's Music
MP3 player
43.7%
Quiz Playlist
Details
Report
Send in Message
Add To Playlist
Classic:
Type in answers that appear in a list
Last Updated: Feb 16, 2017
Quiz Scoreboard
CHALLENGE
Sign Up to Join the Scoreboard
Show All
Scores
Hide
Comments
May contain spoilers
Recently Published
5x2 Blitz: Bands
by SL_Kpop136
Music
30s
Colored Red Africa Blitz
by spor1
Geography
30s
Find the 'City' Movie
by crazypaving
Movies
60s
More to Explore
Quiz From the Vault
Featured Blog Post
14 Easter Pick-up Lines to Find Eggs With
hide this ad
You Might Also Like...
Tags
Device
electronic
Today's Top Quizzes in Entertainment
Browse Entertainment
hide this ad
Top Contributed Quizzes in Entertainment
1
7-to-1: DC Comics Villains
2
Marvel Characters Bunker
3
The Beatles on The Simpsons
4
Dragon Ball Z: Goku's Fights in Order
5
Eurovision 2023 Logic Puzzle
6
Sorting Pictures: Villains
7
Criteria Quickie: Cartoon Taxonomy II
8
7-to-1: One Piece
9
Mini Trivia Sudoku: Musicals
10
Fictional Villains Letter U Blitz
Explore More
Trending Topics
Crossword
Marvel
Anime
Kpop
Harry Potter
NBA
Disney
Country
Soccer
Puzzle
The Office
Song
Pokémon
WWE
NFL
hide this ad
More By:
elibl
Quiz
Plays
Rating
Category
Featured
Created
jewish characters (from the torah)
252
3.00
Religion
Apr 9, 2012
Electronic Devices
87
3.00
Entertainment
Apr 8, 2012
Go to Creator's Profile
Score Distribution
Quiz Creator Spotlight
elibl
Follow
Send a Message
Quizzes Created
-
Created Quiz Play Count
-
More By This Creator
Popular Quizzes Today
1
5x2 Blitz: Bands
2
Find the 'City' Movie
3
Find the US States - No Outlines Minefield
4
Colored Red Africa Blitz
5
The Countries of the World
6
Find the US States
7
Risky Map Clicking: Biggest States A-Z
8
9x9 Crossword: Cartoon Network
More Entertainment Quizzes
Lego Super Hero Slideshow
Published
Trending Quizzes
Colored Red Africa Blitz II
Colored Red Europe Blitz I
Find the 'Dark' Movie
Find the 'Day' Movie
Find the 'Good' Movie
Recently Updated
Champions League XIs: Real Madrid
pecheneg
Largest US Cities 1790-2010
pecheneg
Rides in Walt Disney World
pecheneg
Most Oscar Losses (Acting)
pecheneg
Beyoncé Albums
pecheneg
Leaping Animals
pecheneg
Reality TV Shows (A-Z)
bhenderson79
Rickey Henderson's Hall of Fame Teammates
pecheneg
Champions League XIs: Arsenal
pecheneg
Quick Pick: Celebrities in WWE's Hall of Fame
aduchscher
Trending Topics
Harry Potter
Crossword
NBA
Anime
Disney
Marvel
Kpop
WWE
NFL
Song
Soccer
Country
The Office
Puzzle
Pokémon
Your Account Isn't Verified!
In order to create a playlist on Sporcle, you need to verify the email address you used during registration. Go to your
Sporcle Settings
to finish the process.
Report this User
Report this user for behavior that violates our
Community Guidelines
.
Details:
Send Report
Go to the Sporcle.com Mobile Site →
Comments